| 000 | 00843nam a22002417a 4500 | ||
|---|---|---|---|
| 005 | 20170502165407.0 | ||
| 010 | _aBAC-EN21 ENG-111966 | ||
| 020 |
_a9780241966051 _c399.00 |
||
| 035 | _aEN-95498 | ||
| 035 | _aB-581279-299 | ||
| 035 | _aB-666144 | ||
| 037 |
_bPragati/Ven _adpl |
||
| 037 | _bDBAD/PUB | ||
| 082 | _aN | ||
| 100 | _aJefferies, Dinah | ||
| 245 |
_aThe separation / _cby Dinah Jefferies |
||
| 260 |
_aNew Delhi _bPenguin Books _c2014 |
||
| 270 |
_a11 Community Centre, Panchsheel Park _bNew Delhi _e110017 |
||
| 300 |
_a386p. _c21cm(pbk) |
||
| 942 |
_2ddc _cEN _mJEF _hN |
||
| 999 |
_c89652 _d89652 |
||